El mapa de crecimiento : oportunidades de negocio en los BRIC y más allá /

Exposición sobre un grupo de economías nacionales emergentes, que el autor considera son los motores del desarrollo económico mundial a inicios del siglo XXI. Jim O'Neill, economista británico del grupo Goldman Sachs, acuñó inicialmente en 2001 el acrónimo BRIC para referirse a Brasil, Rusia, India...

Descripció completa

Guardat en:
Dades bibliogràfiques
Autor principal: O'Neill, Jim (autor)
Format: Llibre
Idioma:espanyol
Publicat: Barcelona, España : Deusto, 2012, c2012
Matèries:
Etiquetes: Afegir etiqueta
Sense etiquetes, Sigues el primer a etiquetar aquest registre!

MARC

LEADER 00000nam^a2200000^a^4500
001 000325284
005 20250521000000.0
009 20260526140451.324
020 |a 978-84-234-1120-7 
037 |a Acervo ITESO - Biblioteca 
041 |a ESP 
082 |a 330. 91724  |b ONE 
100 |a O'Neill, Jim  |e (autor) 
245 1 3 |a El mapa de crecimiento :  |b oportunidades de negocio en los BRIC y más allá /  |c J. O'Neill ; tr. por Sandra del Molino. 
264 4 |a Barcelona, España :  |b Deusto,  |c 2012, c2012 
300 |a 237 p. 
336 |a texto  |b txt  |2 rdacontenido 
337 |a sin mediación  |b n  |2 rdamedio 
338 |a volumen  |b nc  |2 rdasoporte 
500 |a Traducción de: The Growth Map: Economic Opportunity in the BRICs and Beyond 
520 |a Exposición sobre un grupo de economías nacionales emergentes, que el autor considera son los motores del desarrollo económico mundial a inicios del siglo XXI. Jim O'Neill, economista británico del grupo Goldman Sachs, acuñó inicialmente en 2001 el acrónimo BRIC para referirse a Brasil, Rusia, India y China, naciones con gran población, territorio y recursos naturales, como cuatro candidatas a dominar la economía mundial al llegar a la mitad del siglo XXI. El autor y sus colaboradores identificaron cuatro años después a un grupo de once países, identificados con la sigla N-11, que seguirían el camino de los BRIC: Bangladesh, Corea del Sur, Egipto, Filipinas, Indonesia, Irán, México, Nigeria, Pakistán, Turquía y Vietnam. 
649 |a XX 
650 |a Desarrollo Económico-Social -  |z Países Subdesarrollados -  |x Historia -  |y 2000-2009 -  |x Tema Principal 
650 |a Desarrollo Económico-Social -  |z Países Subdesarrollados -  |x Historia -  |y Siglo XXI 
650 |a Países Subdesarrollados -  |x Condiciones Económicas 
650 |a Economía Internacional -  |x Historia -  |y 2000-2009 
650 |a Economía Internacional -  |x Historia -  |y Siglo XXI 
910 |a Fondo General 
920 |a Impresos - Libros 
930 |a Colección General 
905 |a 101 
901 |a 0500213644  |b IT1  |c ACC  |i C133381  |u 20250521 
901 |a 0500248582  |b IT1  |c ACC  |i C145891  |u 20250521 
902 |a https://opac.biblio.iteso.mx/vufind/Record/000325284